New Zealand All Blacks Rugby - Top Tryscorer by Letter - Statistics

General Stats
  • This quiz has been taken 127 times
    71 since last reset
  • The average score is 13 of 23
Answer Stats
Letter Tries Player % Correct
H 49 Doug Howlett
88%
B 36 Beauden Barrett
86%
L 37 Jonah Lomu
86%
C 46 Christian Cullen
84%
S 46 Julian Savea
84%
U 36 Tana Umaga
84%
R 46 Joe Rokocoko
80%
W 44 Jeff Wilson
77%
N 31 Ma'a Nonu
77%
K 35 John Kirwan
68%
D 26 Israel Dagg
63%
I 24 Rieko Ioane
63%
V 4 Victor Vito
61%
M 34 Mils Muliaina
57%
J 18 Cory Jane
45%
E 11 Marc Ellis
38%
P 13 T.J Perenara
38%
Y 1 Victor Yates
32%
A 6 Pita Alatini
27%
O 11 Glen Osborne
23%
F 12 Sean Fitzpatrick
21%
G 13 John Gallagher
16%
T 11 Codie Taylor
13%
No matching quizzes found
Score Distribution
Percent of People with Each Score
Percentile by Number Answered
Your Score History
You have not taken this quiz since the last reset